000
00297nam a22001337a 4500
008
210427b ||||| |||| 00| 0 eng d
041
_a
eng
080
_a
37
082
_a
37
100
_a
46
101
_a
EDU
245
_a
College English and Communication
_c
Marie M. Stewart
942
_2
udc
_c
BK
999
_c
56836
_d
56836